Memoria sobre la organización y progresos de la Escuela de Artes y Oficios de Bilbao (Record no. 153696)
[ view plain ]
| 000 -LEADER | |
|---|---|
| campo de control de longitud fija | 00844nam a22001815i 4500 |
| 001 - NÚMERO DE CONTROL | |
| campo de control | 153696 |
| 003 - IDENTIFICADOR DE NÚMERO DE CONTROL | |
| campo de control | ES-MaACL |
| 005 - FECHA Y HORA DE LA ÚLTIMA TRANSACCIÓN | |
| campo de control | 20230906205339.0 |
| 008 - DATOS DE LONGITUD FIJA--INFORMACIÓN GENERAL | |
| campo de control de longitud fija | 040709s1884 sp |||| | spa d |
| 040 ## - FUENTE DE CATALOGACIÓN | |
| Centro catalogador/agencia de origen | CAM |
| Lengua de catalogación | spa |
| Centro/agencia transcriptor | CAM |
| 110 2# - ENTRADA PRINCIPAL--NOMBRE DE ENTIDAD CORPORATIVA | |
| Nombre de entidad corporativa o nombre de jurisdicción como elemento de entrada | Escuela de Artes y Oficios (Bilbao) |
| 9 (RLIN) | 134362 |
| 245 10 - MENCIÓN DEL TÍTULO | |
| Título | Memoria sobre la organización y progresos de la Escuela de Artes y Oficios de Bilbao |
| Resto del título | : durante el período comprendido desde su creación hasta el 30 de junio 1884 / |
| Mención de responsabilidad, etc. | por Laureano Gómez Santa María. |
| 260 ## - PUBLICACIÓN, DISTRIBUCIÓN, ETC. | |
| Lugar de publicación, distribución, etc. | Bilbao : |
| Nombre del editor, distribuidor, etc. | [s.n.], |
| Fecha de publicación, distribución, etc. | 1884 ( |
| Fabricante | Establecimiento tipográfico de la Viuda de Delmas) |
| 300 ## - DESCRIPCIÓN FÍSICA | |
| Extensión | 116, [2] p., [2] h. pleg. cromolit. ; |
| Dimensiones | 20 cm. |
| 610 24 - PUNTO DE ACCESO ADICIONAL DE MATERIA--NOMBRE DE ENTIDAD CORPORATIVA | |
| Nombre de entidad corporativa o nombre de jurisdicción como elemento de entrada | Escuela de Artes y Oficios (Bilbao)- |
| Subdivisión de forma | Memorias. |
| 9 (RLIN) | 153306 |
| 700 11 - ENTRADA AGREGADA--NOMBRE PERSONAL | |
| Nombre de persona | Gómez Santa María, Laureano. |
| 9 (RLIN) | 58156 |
| 852 ## - LOCALIZACIÓN | |
| Ubicación | ES-MaACL |
| Número de control de estantería | T-363-F-6 |
| Nota libre | -- Enc. en un vol. facticio |
| Estatus retirado | Estado de pérdida | Estado de daño | No para préstamo | Colección | Biblioteca de origen | Biblioteca actual | Ubicación en estantería | Fecha de adquisición | Total de préstamos | Signatura topográfica completa | Código de barras | Visto por última vez | Precio de reemplazo | Tipo de ítem Koha |
|---|---|---|---|---|---|---|---|---|---|---|---|---|---|---|
| Colección de folletos | Biblioteca del Ateneo de Madrid | Biblioteca del Ateneo de Madrid | Depósito folletos | 17/01/2008 | T-363-F-6 | 1160678 | 23/02/2023 | 23/02/2023 | Folleto |
